| 000 | 00686nam a2200241Ia 4500 | ||
|---|---|---|---|
| 003 | OSt | ||
| 005 | 20220924122545.0 | ||
| 006 | a|||||r|||| 00| 0 | ||
| 007 | ta | ||
| 008 | 220923b |||||||| |||| 00| 0 urd d | ||
| 024 | _a314138 | ||
| 037 | _cTextual | ||
| 040 |
_aARTS _cARTS _burd |
||
| 041 |
_2urd _aurd |
||
| 082 | _aO168,1MHN,1, B0 | ||
| 100 |
_aAbdul Hafiz _9189912 |
||
| 245 | 0 | _aDeewan-e-Bahar-e-Arab | |
| 260 |
_aLuckhnow _bMunshi Naval kishore India _c1880 |
||
| 650 | _aURDU POETRY | ||
| 700 |
_a Rampuri Mohammad Nazir _9189913 |
||
| 942 |
_hO168,1MHN,1, B0 _cTEXL _2CC |
||
| 999 |
_c412124 _d412124 |
||